| 000 | 00417nam a2200157Ia 4500 | ||
|---|---|---|---|
| 008 | 240729s9999 xx 000 0 und d | ||
| 022 | _a1765-2952 | ||
| 245 | 0 | _aAquatic Living Resources | |
| 260 | _aFrance | ||
| 260 | _bEDP Sciences | ||
| 650 | _a Aquaculture. Fisheries. Angling | ||
| 650 | _aAgriculture | ||
| 856 | _uhttps://doaj.org/toc/c45e05941d0b49c699bfb1551fc4ef14 | ||
| 942 | _2ddc | ||
| 942 | _cDOAJEJ | ||
| 999 |
_c69418 _d69418 |
||
| 945 |
_a1 _bMadushi Gamage _c1 _dMadushi Gamage |
||